000 00390 a2200169 4500
001 192161
020 _a978-85-88642-28-7
040 _cMagnum
100 _aAlbernaz, Bia
240 1 0 _aVida vegetativa e outros cadernos
_lpor
245 1 0 _aVida vegetativa e outros cadernos
300 _a96
362 0 _a2010
440 1 _aOutras Letras
697 _aLITERATURA GERAL
942 _cBK
999 _c192161
_d192161